[Event "Open A"]
[Site "Moscow RUS"]
[Date "2010.02.07"]
[Round "9"]
[White "Kharitonov,Alexandr"]
[Black "Bu Xiangzhi"]
[Result "0-1"]
[WhiteElo "2538"]
[BlackElo "2673"]
[EventDate "2010.01.30"]

1. d4 g6 2. g3 Bg7 3. Bg2 c5 4. Nf3 cxd4 5. Nxd4 Nc6 6. Nxc6 bxc6 7. O-O
Rb8 8. c3 Nf6 9. e4 O-O 10. Nd2 Qc7 11. Re1 d6 12. Qc2 Nd7 13. Nf3 a5 14.
Be3 c5 15. Rab1 Bb7 16. Bg5 Rfe8 17. h4 Bc6 18. h5 a4 19. hxg6 hxg6 20. Nd2
Bb5 21. Nf3 Qa5 22. Bd2 Qa6 23. Bf1 Bxf1 24. Rxf1 Rb7 25. Kg2 Reb8 26. Bg5
Kf8 27. Rh1 Qc4 28. Bh6 Ne5 29. Nxe5 dxe5 30. a3 Bxh6 31. Rxh6 Kg7 32. Rhh1
Rb3 33. Rhd1 R8b7 34. Rd8 Rb8 35. Rxb8 Rxb8 36. Rd1 Rb3 37. Rd2 Qb5 38. Kg1
Qb7 39. Re2 c4 40. Rd2 Rb6 41. f3 Rf6 42. Kg2 Qa7 43. Rd5 Qe3 44. Qf2 Qxf2+
45. Kxf2 Rb6 46. Rd2 Kf6 47. Ke2 Rd6 48. Ke3 Rxd2 49. Kxd2 Kg5 50. Ke3 f5
51. exf5 gxf5 52. Ke2 f4 53. Kf2 fxg3+ 54. Kxg3 Kf5 55. Kf2 Kf4 56. Ke2 e4
0-1

[Event "Open A"]
[Site "Moscow RUS"]
[Date "2010.02.07"]
[Round "9"]
[White "Dvoirys,S"]
[Black "Kurnosov,I"]
[Result "0-1"]
[WhiteElo "2539"]
[BlackElo "2668"]
[EventDate "2010.01.30"]

1. e4 e5 2. Nf3 Nc6 3. Bb5 a6 4. Ba4 Nf6 5. O-O b5 6. Bb3 Bc5 7. a4 Bb7 8.
Nxe5 Nxe5 9. d4 Bxd4 10. Qxd4 d6 11. f3 c5 12. Qf2 O-O 13. Be3 c4 14. Ba2
d5 15. Bd4 Re8 16. Nc3 dxe4 17. Rae1 Qd7 18. Rd1 Qc7 19. fxe4 Nxe4 20. Nxe4
Bxe4 21. b3 Ng4 22. Qh4 Qxh2+ 23. Qxh2 Nxh2 24. Kxh2 Bxc2 25. bxc4 Bxd1 26.
Rxd1 Rad8 27. axb5 axb5 28. c5 Re4 29. c6 Rh4+ 30. Kg3 Rhxd4 31. Rf1 Rd3+
32. Kh2 Rf8 33. Bb1 Rc3 34. Be4 Rc8 35. Bd5 R3xc6 36. Rxf7 Rh6+ 37. Kg1 Kh8
0-1

[Event "Open A"]
[Site "Moscow RUS"]
[Date "2010.02.07"]
[Round "9"]
[White "Matlakov,M"]
[Black "Najer,E"]
[Result "1/2-1/2"]
[WhiteElo "2587"]
[BlackElo "2665"]
[EventDate "2010.01.30"]

1. d4 Nf6 2. c4 e6 3. Nf3 d5 4. Nc3 Bb4 5. Qa4+ Nc6 6. e3 O-O 7. Bd2 dxc4
8. Bxc4 Bd6 9. Be2 a6 10. O-O e5 11. d5 Ne7 12. e4 Ng6 13. Rfe1 h6 14. Qc2
Nh5 15. g3 Bg4 16. Be3 Qd7 17. Qd1 Nf6 18. Nd2 Bxe2 19. Qxe2 Ng4 20. f3
Nxe3 21. Qxe3 f5 22. exf5 Rxf5 23. Nde4 Raf8 24. Rf1 R5f7 25. Kg2 Ne7 26.
Rf2 Bb4 27. a3 Bxc3 28. Nxc3 Nxd5 29. Qxe5 Rf5 30. Qe4 Re8 31. Qc4 b5 32.
Qb3 c5 33. Rd1 c4 34. Nxd5 Rxd5 35. Rxd5 Qxd5 36. Qc2 Re3 37. Qg6 Re6 38.
Qg4 Kh7 39. h4 Re1 40. h5 Qd3 41. Qf4 Qb1 42. Kh3 Re6 43. Rd2 1/2-1/2

[Event "Open A"]
[Site "Moscow RUS"]
[Date "2010.02.07"]
[Round "9"]
[White "Savchenko,B"]
[Black "Khusnutdinov,R"]
[Result "1-0"]
[WhiteElo "2638"]
[BlackElo "2513"]
[EventDate "2010.01.30"]

1. e4 c5 2. Nf3 e6 3. d3 Nc6 4. Nbd2 g6 5. g3 Bg7 6. Bg2 Nge7 7. h4 h6 8.
O-O d6 9. c3 e5 10. Nh2 Be6 11. f4 Qd7 12. Ndf3 f5 13. Qe2 exf4 14. Bxf4
O-O 15. exf5 Bxf5 16. Rae1 Rae8 17. Qd1 Kh7 18. Rf2 Nd5 19. Bc1 Nf6 20.
Ref1 Kh8 21. Re1 Rxe1+ 22. Nxe1 Ne5 23. a3 Re8 24. Bf4 Nh5 25. Be4 Nxf4 26.
Rxf4 Bxe4 27. Rxe4 d5 28. Re2 Rf8 29. Kg2 Qf5 30. Qd2 h5 31. Qe3 b6 32.
Nhf3 Nxf3 33. Nxf3 Qf7 34. d4 cxd4 35. Nxd4 Qf1+ 36. Kh2 Qb1 37. Nf3 Qf5
38. Kg2 Qf7 39. Qd3 Bf6 40. Rf2 Kg7 41. Ng5 Qd7 42. Nh3 d4 43. Nf4 Qg4 44.
cxd4 Bxh4 45. Qf3 1-0

[Event "Open A"]
[Site "Moscow RUS"]
[Date "2010.02.07"]
[Round "9"]
[White "Azarov,S"]
[Black "Reshetnikov,Al"]
[Result "1-0"]
[WhiteElo "2622"]
[BlackElo "2447"]
[EventDate "2010.01.30"]

1. e4 c5 2. Nf3 Nc6 3. d4 cxd4 4. Nxd4 Nf6 5. Nc3 d6 6. Bc4 e6 7. Be3 a6 8.
Bb3 Qc7 9. f4 Be7 10. Qf3 O-O 11. O-O-O Nxd4 12. Rxd4 b5 13. g4 Nd7 14. g5
Nc5 15. Rhd1 Re8 16. f5 Bf8 17. f6 g6 18. h4 Rb8 19. h5 Rd8 20. R4d2 Nxb3+
21. axb3 Bb7 22. hxg6 fxg6 23. Bb6 Qxb6 24. f7+ Kh8 25. Rh1 Be7 26. Rdh2
Bxg5+ 27. Kb1 h6 28. Rxh6+ Bxh6 29. Qh3 Kg7 30. Qxh6+ Kf6 31. Rf1+ 1-0

[Event "Open A"]
[Site "Moscow RUS"]
[Date "2010.02.07"]
[Round "9"]
[White "Vorobiov,E"]
[Black "Krapivin,A"]
[Result "1-0"]
[WhiteElo "2621"]
[BlackElo "2495"]
[EventDate "2010.01.30"]

1. e4 c5 2. Nf3 e6 3. d3 g6 4. d4 d6 5. dxc5 dxc5 6. Qxd8+ Kxd8 7. Na3 Nc6
8. Bf4 f6 9. O-O-O+ Bd7 10. e5 g5 11. Bg3 g4 12. Nh4 fxe5 13. Bb5 Nge7 14.
Nc4 Bh6+ 15. Kb1 Bf4 16. Nd6 Kc7 17. Nxb7 Rab8 18. Bxc6 Nxc6 19. Nxc5 Bc8
20. Rhe1 Rb5 21. Bxf4 Rxc5 22. Bg3 Rg8 23. f3 h5 24. fxg4 hxg4 25. b3 a5
26. c4 a4 27. Kb2 Ba6 28. Kc3 Rg5 29. Re4 axb3 30. axb3 Ra5 31. Ree1 Bc8
32. Ra1 Rxa1 33. Rxa1 Kb7 34. Re1 Bd7 35. b4 Rg8 36. b5 Ne7 37. Rd1 Be8 38.
Bxe5 1-0

[Event "Open A"]
[Site "Moscow RUS"]
[Date "2010.02.07"]
[Round "9"]
[White "Zhigalko,S"]
[Black "Gabrielian,A"]
[Result "1-0"]
[WhiteElo "2668"]
[BlackElo "2523"]
[EventDate "2010.01.30"]

1. e4 c5 2. Nf3 d6 3. d4 cxd4 4. Qxd4 Nc6 5. Bb5 Bd7 6. Bxc6 Bxc6 7. Nc3 h6
8. Qd3 Nf6 9. Nd4 g6 10. f3 Bg7 11. Be3 O-O 12. Qd2 Kh7 13. h4 h5 14. O-O-O
Rc8 15. Kb1 Bd7 16. g4 b5 17. Ndxb5 Qa5 18. Nd4 hxg4 19. h5 g5 20. h6 Bh8
21. e5 Qxe5 22. Qd3+ Kg8 23. h7+ Kg7 24. Bd2 Rfe8 25. Rde1 Qc5 26. f4 gxf4
27. Bxf4 Nh5 28. Be3 Qa5 29. Bd2 Qc5 30. Qe3 f6 31. Ne6+ Bxe6 32. Qxe6 Qc4
33. Rxh5 Qxe6 34. Rxe6 Kg6 35. Rh1 Kf7 36. Re4 f5 37. Ra4 e5 38. Rxa7+ Re7
39. Ra6 Re6 40. Nd5 f4 41. Ra7+ Kg6 42. Bxf4 1-0

[Event "Open A"]
[Site "Moscow RUS"]
[Date "2010.02.07"]
[Round "9"]
[White "Vescovi,G"]
[Black "Ismagambetov,An"]
[Result "1-0"]
[WhiteElo "2660"]
[BlackElo "2497"]
[EventDate "2010.01.30"]

1. d4 Nf6 2. c4 e6 3. Nf3 b6 4. g3 Bb7 5. Bg2 Be7 6. O-O O-O 7. Re1 d5 8.
cxd5 exd5 9. Nc3 Ne4 10. Bf4 Nd7 11. Qb3 Nxc3 12. bxc3 Re8 13. Rad1 a5 14.
a4 h6 15. Ne5 Nf6 16. e4 Bf8 17. Bc1 Qd6 18. Re3 Qe6 19. exd5 Bxd5 20. Bxd5
Qxd5 21. c4 Qd6 22. Bb2 Rac8 23. Rde1 c6 24. Bc3 Rb8 25. Qc2 Qc7 26. Ng4
Rxe3 27. Nxf6+ gxf6 28. Rxe3 b5 29. Qf5 bxa4 30. d5 Bg7 31. Bxf6 Qc8 32.
Qe5 Bxf6 33. Qxf6 Qh3 34. Re1 cxd5 35. cxd5 Qh5 36. Qd6 Rb5 37. Qf6 Rb8 38.
Qd4 a3 39. d6 Qb5 40. Qg4+ Kf8 41. d7 Qb4 42. Qe2 a2 43. Qe5 Kg8 44. Qxb8+
Qxb8 45. Re8+ Kg7 46. Rxb8 a1=Q+ 47. Kg2 Qd4 48. d8=Q Qe4+ 49. Kg1 Qe1+ 50.
Kg2 Qe4+ 51. f3 Qc2+ 52. Kh3 Qf5+ 53. Kh4 1-0

[Event "Open A"]
[Site "Moscow RUS"]
[Date "2010.02.07"]
[Round "9"]
[White "Nepomniachtchi,I"]
[Black "Krylov,M RUS"]
[Result "1-0"]
[WhiteElo "2658"]
[BlackElo "2511"]
[EventDate "2010.01.30"]

1. e4 c5 2. Nf3 d6 3. d4 cxd4 4. Nxd4 Nf6 5. Nc3 g6 6. Be2 Bg7 7. O-O O-O
8. Re1 Nc6 9. Nb3 Be6 10. Bf1 Rc8 11. Nd5 Ne5 12. Bg5 Bxd5 13. exd5 Nc4 14.
Bxc4 Rxc4 15. Qd3 Rc7 16. c3 Qd7 17. h3 Qa4 18. Nd2 h6 19. Bxf6 Bxf6 20.
Re4 Qa6 21. Qxa6 bxa6 22. Nb3 Rb8 23. Ra4 Rb6 24. Re1 Kf8 25. Kf1 h5 26.
Re3 Rcb7 27. Ke1 Rb5 28. Rd3 R7b6 29. Re4 Ke8 30. Kd1 Kd7 31. Kc2 Rb8 32.
Ra4 R8b6 33. Rc4 Kd8 34. g3 Kd7 35. Rd2 Kd8 36. Ra4 Kd7 37. Kc1 Ke8 38. h4
Bg7 39. Na5 Rc5 40. Nc4 Rbb5 41. Ne3 Ra5 42. Rb4 Rcb5 43. a3 Rxb4 44. cxb4
Rb5 45. Nc4 Kd7 46. Kc2 Rb8 47. Kb3 Rc8 48. Rd1 Bf6 49. f4 Rc7 50. Nd2 Bd4
51. Ne4 Bb6 52. Ng5 Ke8 53. Rf1 Be3 54. Rf3 Bd4 55. Rd3 Bb6 56. Rd1 Bf2 57.
Ne4 Bb6 58. Rf1 Bd4 59. Rd1 Bb6 60. Nc3 Bf2 61. Rd3 Bb6 62. Rf3 Bd4 63. f5
Be5 64. fxg6 fxg6 65. Ka4 Rc4 66. Ka5 Rg4 67. Ne2 Re4 68. Nf4 Bxf4 69. gxf4
Rd4 70. Kxa6 Rxd5 71. Kxa7 Kd7 72. a4 Rd4 73. Rb3 Rxf4 74. a5 e5 75. b5 e4
76. b6 Rf3 77. Rb4 d5 78. b7 Rf8 79. Rd4 Kc6 80. b8=Q Rxb8 81. Kxb8 Kc5 82.
Rd1 1-0

[Event "Open A"]
[Site "Moscow RUS"]
[Date "2010.02.07"]
[Round "9"]
[White "Shcherbakov,R"]
[Black "Khismatullin,D"]
[Result "0-1"]
[WhiteElo "2505"]
[BlackElo "2651"]
[EventDate "2010.01.30"]

1. e4 e5 2. Nf3 Nc6 3. Bc4 Nf6 4. Ng5 d5 5. exd5 Na5 6. Bb5+ c6 7. dxc6
bxc6 8. Bd3 h6 9. Ne4 Nd5 10. O-O g6 11. Re1 f5 12. Ng3 Bg7 13. Bf1 O-O 14.
c4 Nb6 15. b4 Naxc4 16. Qb3 Be6 17. d3 e4 18. dxc4 Bxa1 19. Nc3 Qf6 20. Re3
Qg7 21. Nh5 Qf7 22. Nf4 Bxc4 23. Qb1 Bxc3 24. Rxc3 g5 25. Rg3 Kh7 26. Nh3
Bxf1 27. Nxg5+ hxg5 28. Bxg5 Be2 29. Rh3+ Kg6 30. Qc1 Qd5 31. Rh6+ Kf7 32.
Bd2 Rh8 0-1

[Event "Open A"]
[Site "Moscow RUS"]
[Date "2010.02.07"]
[Round "9"]
[White "Kovalenko,I"]
[Black "Kazhgaleyev,M"]
[Result "0-1"]
[WhiteElo "2486"]
[BlackElo "2643"]
[EventDate "2010.01.30"]

1. d4 d5 2. Nf3 Nf6 3. c4 c6 4. cxd5 cxd5 5. Nc3 a6 6. Bf4 Nc6 7. Rc1 Nh5
8. Be5 f6 9. Bg3 e5 10. e3 Nxg3 11. hxg3 Be6 12. Qb3 Qd7 13. Na4 Bb4+ 14.
Kd1 Qe7 15. Nb6 Rd8 16. Bxa6 O-O 17. Bb5 Na5 18. Qc2 e4 19. Nd2 Qd6 20. Na4
Bg4+ 21. Be2 Rc8 22. Nc3 Bd7 23. Ndb1 b5 24. a3 Bxc3 25. Nxc3 b4 26. axb4
Qxb4 27. Nxd5 Rxc2 28. Nxb4 Rxb2 29. Nd5 Rd8 30. Nc3 Rc8 31. Rh5 g5 32. f3
Nc4 33. Ke1 Nxe3 34. fxe4 Nc2+ 35. Rxc2 Rxc2 36. Nd5 Kg7 37. Ne3 Rb2 38. e5
Kg6 39. Rh1 Rc1+ 40. Nd1 Ba4 41. e6 Bxd1 0-1

[Event "Open A"]
[Site "Moscow RUS"]
[Date "2010.02.07"]
[Round "9"]
[White "Iordachescu,V"]
[Black "Ipatov,A ESP"]
[Result "1/2-1/2"]
[WhiteElo "2629"]
[BlackElo "2497"]
[EventDate "2010.01.30"]

1. e4 c5 2. Nf3 d6 3. d4 cxd4 4. Nxd4 Nf6 5. Nc3 Nc6 6. Bg5 e6 7. Qd2 Be7
8. O-O-O Qb6 9. f3 Qxd4 10. Qxd4 Nxd4 11. Rxd4 a6 12. Be2 Bd7 13. Rhd1 Bc6
14. Bh4 Rc8 15. a4 d5 16. e5 Ng8 17. Bxe7 Nxe7 18. Bd3 Bd7 19. Re1 f6 20.
Rg4 Kf7 21. Kd2 Nc6 22. f4 f5 23. Rg3 d4 24. Ne2 Rhd8 25. b3 Be8 26. Rh3
Nb4 27. g4 fxg4 28. Rxh7 Bc6 29. h3 Bf3 30. hxg4 Rxc2+ 31. Bxc2 d3 32. Bxd3
Nxd3 33. Rf1 Nxe5+ 34. Ke1 Nd3+ 35. Kd2 Kg8 36. Rxf3 Ne5+ 37. Kc3 Nxf3 38.
Rh3 Ne1 39. Re3 Kf7 40. Nd4 Ng2 41. Re4 Rd6 42. Nf3 Kf6 43. Nd4 Nh4 44. b4
1/2-1/2

[Event "Open A"]
[Site "Moscow RUS"]
[Date "2010.02.07"]
[Round "9"]
[White "Sjugirov,S"]
[Black "Krivoborodov,E"]
[Result "1/2-1/2"]
[WhiteElo "2610"]
[BlackElo "2471"]
[EventDate "2010.01.30"]

1. e4 c5 2. Nf3 d6 3. d4 cxd4 4. Nxd4 Nf6 5. Nc3 Nc6 6. Bg5 e6 7. Qd2 a6 8.
O-O-O Nxd4 9. Qxd4 Be7 10. f4 b5 11. Bxf6 gxf6 12. Bd3 Qc7 13. Qe3 Qc5 14.
Qg3 Bb7 15. Kb1 O-O-O 16. Qh3 Kb8 17. f5 b4 18. Ne2 Qe5 19. Rhe1 h5 20.
fxe6 fxe6 21. Bc4 f5 22. exf5 Qxf5 23. Bxe6 Qxh3 24. Bxh3 Bf6 25. Nf4 Be5
26. Ng6 Rhg8 27. Nxe5 dxe5 28. Rxd8+ Rxd8 29. Kc1 e4 30. g3 Kc7 31. Bg2 h4
32. gxh4 Rh8 33. h3 Rxh4 34. Kd1 Rh5 35. Rf1 Rg5 36. Rf7+ Kd6 37. Bf1 Bd5
38. Rf8 a5 39. Kd2 Rg3 40. Ke2 Bxa2 41. b3 a4 42. bxa4 Bc4+ 43. Kf2 Rc3 44.
Bxc4 Rxc4 45. Ke3 Rxc2 46. Kxe4 Rh2 47. Kd4 1/2-1/2

[Event "Open A"]
[Site "Moscow RUS"]
[Date "2010.02.07"]
[Round "9"]
[White "Rakhmanov,Ale"]
[Black "Gochelashvili,D"]
[Result "1-0"]
[WhiteElo "2591"]
[BlackElo "2463"]
[EventDate "2010.01.30"]

1. d4 Nf6 2. Nf3 g6 3. Bg5 Bg7 4. Nbd2 d6 5. c3 h6 6. Bh4 g5 7. Bg3 Nh5 8.
e4 e6 9. Bd3 Nc6 10. Qe2 Bd7 11. Nc4 Qe7 12. Nfd2 Nf4 13. Bxf4 gxf4 14. g3
b5 15. Na3 b4 16. Nc2 Qg5 17. h4 Qf6 18. g4 Rb8 19. f3 h5 20. g5 Qe7 21.
Qh2 bxc3 22. bxc3 e5 23. d5 Na5 24. Nb4 f6 25. g6 O-O 26. Nb3 c5 27. dxc6
Nxc6 28. Bc4+ Kh8 29. Nd5 Qd8 30. Rg1 Na5 31. Nxa5 Qxa5 32. Rd1 Rfc8 33.
Bb3 Be6 34. Qe2 Rb7 35. Kf2 Bh3 36. Rh1 Qc5+ 37. Ke1 Be6 38. Kf1 f5 39. Rg1
Bh6 40. Nf6 Bxb3 41. axb3 Rxb3 42. exf5 Qxc3 43. Nd5 Qxf3+ 44. Qxf3 Rxf3+
45. Ke2 Rb3 46. f6 f3+ 47. Kf1 Rb7 48. g7+ Bxg7 49. fxg7+ Rxg7 50. Rxg7
Kxg7 51. Kf2 Kf7 52. Ne3 Ke6 53. Rg1 e4 54. Rg6+ Ke5 55. Rg5+ Kd4 56. Rxh5
Rc5 57. Rh6 d5 58. h5 Ra5 59. Rc6 Kd3 60. Nc2 d4 61. h6 Rg5 62. Nb4+ Kd2
63. Rc2+ Kd1 64. Rc4 Rg2+ 65. Kf1 Rd2 66. Na2 Rxa2 67. Rxd4+ Kc2 68. Rxe4
Kd3 69. Re7 a5 70. h7 Rh2 71. Kg1 Rh3 72. Kf2 Kc4 73. Rf7 Rh1 74. Kxf3 a4
75. Kg3 a3 76. Rf4+ Kb3 77. Rh4 Rg1+ 78. Kf2 a2 79. h8=Q a1=Q 80. Qb8+ Kc3
81. Qb4+ 1-0

[Event "Open A"]
[Site "Moscow RUS"]
[Date "2010.02.07"]
[Round "9"]
[White "Belous,V"]
[Black "Zontakh,A"]
[Result "1/2-1/2"]
[WhiteElo "2419"]
[BlackElo "2540"]
[EventDate "2010.01.30"]

1. Nf3 Nf6 2. c4 e6 3. g3 d5 4. Bg2 dxc4 5. Qa4+ Nbd7 6. Qxc4 a6 7. Qb3 Rb8
8. a4 b6 9. O-O Bb7 10. d3 Be7 11. Na3 O-O 12. Nc4 b5 13. axb5 axb5 14. Na3
Bd5 15. Qc2 Nc5 16. Be3 Nb3 17. Rab1 c5 18. Qd1 Nd4 19. Bxd4 cxd4 20. Qd2
Bd6 21. Nc2 e5 22. e3 dxe3 23. Nxe3 Bxf3 24. Bxf3 Bc5 25. Rbc1 Rc8 26. Nf5
g6 27. b4 Bxb4 28. Qxb4 gxf5 29. Qxb5 Qd6 30. Rfe1 Rxc1 31. Rxc1 Rd8 32.
Bg2 Qd4 33. Bh3 Ng4 34. Bxg4 fxg4 35. Re1 Qxd3 36. Qxe5 Qg6 37. Kg2 f5 38.
h3 gxh3+ 39. Kxh3 Rf8 40. Qd5+ Kh8 41. Re5 Qg4+ 42. Kg2 Qg6 43. Re6 Qg7 44.
Qd6 f4 45. Re7 Qf6 46. Qxf6+ Rxf6 47. g4 h5 48. gxh5 Rf5 49. h6 Rh5 50. Re6
Kh7 51. Kf3 Rh2 52. Rf6 Kg8 53. Rg6+ Kf7 54. Ra6 Kg8 55. Rf6 Kh7 56. Rxf4
Rxh6 57. Rg4 Rf6+ 58. Ke4 1/2-1/2

[Event "Open A"]
[Site "Moscow RUS"]
[Date "2010.02.07"]
[Round "9"]
[White "Chernobay,A"]
[Black "Zinchenko,Ya"]
[Result "1/2-1/2"]
[WhiteElo "2398"]
[BlackElo "2538"]
[EventDate "2010.01.30"]

1. e4 c5 2. Nf3 Nc6 3. d4 cxd4 4. Nxd4 Nf6 5. Nc3 d6 6. Bg5 e6 7. Qd2 a6 8.
O-O-O Be7 9. f4 Nxd4 10. Qxd4 b5 11. Be2 Bb7 12. Bf3 Rc8 13. e5 Bxf3 14.
gxf3 dxe5 15. fxe5 Qxd4 16. Rxd4 Nd7 17. Bxe7 Kxe7 18. f4 Rc4 19. Rxc4 bxc4
20. Rg1 g6 21. Kd2 Rb8 22. b3 f6 23. exf6+ Nxf6 1/2-1/2

[Event "Open C Women"]
[Site "Moscow RUS"]
[Date "2010.01.30"]
[Round "1"]
[White "Ju Wenjun"]
[Black "Khlichkova,T"]
[Result "1-0"]
[WhiteElo "2512"]
[BlackElo "2064"]
[EventDate "2010.01.30"]

1. c4 g6 2. Nc3 Bg7 3. g3 c6 4. Bg2 f5 5. d4 d6 6. Nf3 Nf6 7. O-O O-O 8.
Rb1 Qc7 9. d5 Bd7 10. Nd4 Na6 11. Be3 Ng4 12. Bf4 Qb6 13. Nc2 Ne5 14. b3
Qc7 15. Qd2 e6 16. Nd4 Rae8 17. Rfd1 Nc5 18. Rbc1 a5 19. dxe6 Bxe6 20. Nxe6
Rxe6 21. Rc2 Rfe8 22. Be3 Ng4 23. Bd4 Nf6 24. Qc1 Nfe4 25. Nxe4 Nxe4 26. e3
g5 27. Qb2 Bxd4 28. Qxd4 Rh6 29. h3 Qf7 30. Qb6 f4 31. Bxe4 Rxe4 32. Qd8+
Re8 33. Qxg5+ Rg6 34. Qxf4 Qd7 35. Rcd2 Ree6 36. h4 Ref6 37. Qe4 Qh3 38.
Rxd6 Rxd6 39. Rxd6 Rxd6 40. Qe8+ 1-0

[Event "Open C Women"]
[Site "Moscow RUS"]
[Date "2010.01.30"]
[Round "1"]
[White "Nikitina,E"]
[Black "Gunina,V"]
[Result "0-1"]
[WhiteElo "2030"]
[BlackElo "2448"]
[EventDate "2010.01.30"]

1. d4 d5 2. Nf3 Nf6 3. g3 c6 4. Bg2 Bf5 5. Nbd2 e6 6. O-O Nbd7 7. b3 Bd6 8.
Bb2 O-O 9. c4 Qe7 10. e3 a5 11. Qe2 Ba3 12. Bxa3 Qxa3 13. Nh4 Be4 14. f3
Bg6 15. Nxg6 hxg6 16. Nb1 Qb4 17. Qc2 a4 18. Nd2 axb3 19. axb3 e5 20. Bh3
exd4 21. exd4 Rxa1 22. Rxa1 Re8 23. Qd3 dxc4 24. bxc4 Rd8 25. Rd1 Ne5 26.
Qe2 Rxd4 27. Qxe5 Rxd2 28. Rxd2 Qxd2 29. Bf1 Kh7 30. Qe7 Qd7 31. Qxd7 Nxd7
32. Kf2 f5 33. Ke3 Kg8 34. Kd4 Kf7 35. f4 Ke6 36. c5 Nf6 37. Bc4+ Ke7 38.
Be2 Kd7 39. Bf3 Ke6 40. Be2 Ne4 41. Bc4+ Kf6 42. Bd3 Nd2 43. Be2 g5 44.
fxg5+ Kxg5 45. Ke5 Ne4 46. Kd4 Kf6 47. Bf3 Ng5 48. Be2 Ne6+ 49. Kc4 Ke5 50.
Bf3 Ng5 51. Bg2 Ne4 52. Bh1 Nf2 53. Bf3 Ng4 54. h3 Nf2 55. Bg2 Ne4 56. g4
f4 57. Kd3 Nxc5+ 58. Kc4 Ne6 59. h4 Nd4 60. h5 f3 61. Bf1 Ne6 62. Kd3 Kf4
63. Kc3 0-1

[Event "Open C Women"]
[Site "Moscow RUS"]
[Date "2010.01.30"]
[Round "1"]
[White "Zizlova,S"]
[Black "Zhao Xue"]
[Result "0-1"]
[WhiteElo "2045"]
[BlackElo "2504"]
[EventDate "2010.01.30"]

1. d4 Nf6 2. c4 e6 3. Nf3 Bb4+ 4. Bd2 c5 5. Nc3 cxd4 6. Nxd4 Nc6 7. Nxc6
bxc6 8. e3 O-O 9. Bd3 d5 10. O-O Bd6 11. h3 Rb8 12. Qc2 e5 13. cxd5 cxd5
14. Nb5 Ba6 15. Nxd6 Bxd3 16. Qxd3 Qxd6 17. Bc3 Qe6 18. f4 d4 19. exd4 e4
20. Qg3 Rb5 21. a4 Rb3 22. f5 Qc6 23. Kh1 Re8 24. a5 h6 25. Rae1 Nd5 26.
Qh4 e3 27. Rf3 Kh7 28. Qg3 Qf6 29. Kh2 Re4 30. Re2 Qa6 31. Qe1 Qd3 32. f6
g5 33. Rf5 Nf4 34. Rxf4 gxf4 35. Qf1 Rb5 36. Qf3 Rg5 37. Rd2 Qb1 38. Re2
Re8 39. Qxf4 Qd3 40. Qc7 Kg6 41. Re1 Qc2 42. Qc6 Qe4 43. Qxe4+ Rxe4 44. Re2
Kxf6 45. g4 0-1

[Event "Open C Women"]
[Site "Moscow RUS"]
[Date "2010.01.30"]
[Round "1"]
[White "Romanko,M"]
[Black "Larina,M"]
[Result "1-0"]
[WhiteElo "2433"]
[BlackElo "2028"]
[EventDate "2010.01.30"]

1. e4 c5 2. Nf3 Nc6 3. d4 cxd4 4. Nxd4 e5 5. Nb5 d6 6. N1c3 a6 7. Na3 b5 8.
Nd5 Nge7 9. c4 Nd4 10. cxb5 Nxd5 11. exd5 g6 12. Be3 Bg7 13. bxa6 O-O 14.
Bd3 Bxa6 15. O-O Nf5 16. Bxa6 Rxa6 17. Nc4 Qa8 18. a4 Rb8 19. a5 Nxe3 20.
fxe3 Qa7 21. Qd2 Qc5 22. Nb6 Bh6 23. Kf2 Raxb6 24. axb6 Qxb6 25. Rab1 f5
26. Ke2 Qa6+ 27. Qd3 Qa2 28. Rfc1 e4 29. Qc4 Qa7 30. Rc3 f4 31. Qxe4 fxe3
32. Qe6+ Kh8 33. Rc8+ Rxc8 34. Qxc8+ Kg7 35. Rf1 Qe7 36. b4 Bg5 37. b5 Bf6
38. Qe6 Qd8 39. Qxf6+ 1-0

[Event "Open C Women"]
[Site "Moscow RUS"]
[Date "2010.01.30"]
[Round "1"]
[White "Paehtz,E"]
[Black "Styazhkina,A"]
[Result "1-0"]
[WhiteElo "2484"]
[BlackElo "2034"]
[EventDate "2010.01.30"]

1. e4 c5 2. Nf3 g6 3. d4 cxd4 4. Nxd4 Bg7 5. c4 Nc6 6. Be3 Nf6 7. Nc3 Ng4
8. Qxg4 Nxd4 9. Qd1 Ne6 10. Rc1 Qa5 11. Be2 b6 12. O-O Bb7 13. f3 d6 14.
Rc2 O-O 15. Nd5 Rfe8 16. b3 Rac8 17. Kh1 Bxd5 18. exd5 Nf8 19. f4 Nd7 20.
Qb1 Nf6 21. Bf3 b5 22. b4 Qa3 23. Qb3 Qxb3 24. axb3 Rc7 25. Bg1 Rec8 26. c5
a5 27. c6 e6 28. dxe6 fxe6 29. bxa5 d5 30. a6 Rxc6 31. Rxc6 Rxc6 32. a7 Rc8
33. Rc1 Ra8 34. Be2 Nh5 35. Bxb5 d4 36. Ra1 1-0

[Event "Open C Women"]
[Site "Moscow RUS"]
[Date "2010.01.30"]
[Round "1"]
[White "Malinicheva,L"]
[Black "Melia,S"]
[Result "0-1"]
[WhiteElo "2023"]
[BlackElo "2431"]
[EventDate "2010.01.30"]

1. Nf3 Nf6 2. g3 d5 3. c4 e6 4. Bg2 Be7 5. O-O O-O 6. b3 b6 7. Bb2 Bb7 8.
d3 c5 9. Nbd2 Nc6 10. cxd5 exd5 11. Re1 Qc7 12. Rc1 Rad8 13. d4 Ne4 14. Qc2
Rfe8 15. a3 Qb8 16. e3 Bf6 17. Bf1 cxd4 18. exd4 Rc8 19. Qd3 Re7 20. Red1
Rce8 21. Qb1 h5 22. Bb5 Rc8 23. Nf1 Na5 24. Ba1 Rec7 25. Rxc7 Qxc7 26. Ne3
Qd6 27. b4 Nc4 28. Bxc4 dxc4 29. d5 Nc3 30. Bxc3 Bxc3 31. Ng5 g6 32. h4 Bg7
33. Ne4 Qe5 34. Qc2 Re8 35. Ng5 b5 36. a4 a6 37. axb5 axb5 38. Qa2 Ra8 39.
Qe2 Bf6 40. Nf3 Qd6 0-1

[Event "Open C Women"]
[Site "Moscow RUS"]
[Date "2010.01.31"]
[Round "2"]
[White "Semenova,E"]
[Black "Ju Wenjun"]
[Result "0-1"]
[WhiteElo "2208"]
[BlackElo "2512"]
[EventDate "2010.01.30"]

1. e4 c5 2. Nf3 d6 3. d4 cxd4 4. Nxd4 Nf6 5. f3 e5 6. Nb3 Be7 7. c4 O-O 8.
Bd3 Nc6 9. O-O Be6 10. Be3 Nd7 11. Nc3 Bg5 12. Qd2 Bxe3+ 13. Qxe3 a5 14.
Nb5 a4 15. Nd2 Nc5 16. Rac1 Qb6 17. Rfd1 Rfd8 18. Bb1 h6 19. Kh1 Ra5 20. b3
axb3 21. Nxb3 Rxb5 22. cxb5 Bxb3 23. axb3 Qxb5 24. Bc2 Nd4 25. Rxd4 exd4
26. Qxd4 Rc8 27. Rd1 Nxb3 28. Bxb3 Qxb3 29. Qxd6 Qb2 30. Qf4 b5 31. h4 b4
32. Rd7 Qa2 33. Rb7 Qc4 34. Qf5 Rd8 35. Qb5 Qc1+ 36. Kh2 Qf4+ 37. Kh3 g6
38. Qf1 Rd2 39. Rxb4 g5 40. hxg5 hxg5 41. Qe1 Rd1 42. Rb8+ Kh7 43. g3 g4+
0-1

[Event "Open C Women"]
[Site "Moscow RUS"]
[Date "2010.01.31"]
[Round "2"]
[White "Zhao Xue"]
[Black "Butuc,M"]
[Result "1/2-1/2"]
[WhiteElo "2504"]
[BlackElo "2196"]
[EventDate "2010.01.30"]

1. d4 d5 2. c4 c6 3. Nf3 Nf6 4. e3 a6 5. Qc2 g6 6. Bd3 Bg7 7. O-O O-O 8.
Nbd2 Nbd7 9. Rd1 c5 10. b3 b6 11. a4 Bb7 12. a5 Rc8 13. axb6 Qxb6 14. Bb2
Rfe8 15. Bc3 cxd4 16. exd4 e5 17. dxe5 Ng4 18. Bd4 Qc7 19. c5 Ndxe5 20. Bf1
Nxf3+ 21. Nxf3 Bxd4 22. Rxd4 Re4 23. Rda4 Qxc5 24. Qxc5 Rxc5 25. h3 Rxa4
26. Rxa4 Nf6 27. Bxa6 Bxa6 28. Rxa6 Rc1+ 29. Kh2 Ne4 30. Ra2 Rb1 31. Nd4
Kg7 32. f3 Nc5 33. Ra5 Nxb3 34. Nxb3 Rxb3 1/2-1/2

[Event "Open C Women"]
[Site "Moscow RUS"]
[Date "2010.01.31"]
[Round "2"]
[White "Sukhareva,E"]
[Black "Paehtz,E"]
[Result "0-1"]
[WhiteElo "2198"]
[BlackElo "2484"]
[EventDate "2010.01.30"]

1. d4 e6 2. c4 b6 3. Nf3 Bb7 4. e3 f5 5. Bd3 Nf6 6. O-O g6 7. Nc3 Bg7 8.
Qe2 O-O 9. e4 Na6 10. e5 Ng4 11. Bf4 Bxf3 12. Qxf3 c5 13. Rfe1 cxd4 14. Nb5
g5 15. Bg3 Nc5 16. Bb1 d3 17. Qd1 d5 18. f3 f4 19. b4 Nxe5 20. cxd5 fxg3
21. bxc5 Qxd5 22. a4 a6 23. Na3 Qd4+ 24. Kh1 Qxa1 25. Qb3 bxc5 26. Qxe6+
Kh8 27. Nc4 Rae8 0-1

[Event "Open C Women"]
[Site "Moscow RUS"]
[Date "2010.01.31"]
[Round "2"]
[White "Turebayeva,A"]
[Black "Romanko,M"]
[Result "0-1"]
[WhiteElo "2194"]
[BlackElo "2433"]
[EventDate "2010.01.30"]

1. c4 Nf6 2. Nc3 g6 3. g3 Bg7 4. Bg2 O-O 5. Nf3 d6 6. O-O c6 7. h3 e5 8. d3
Nbd7 9. Bd2 a5 10. a3 Nc5 11. b4 Ne6 12. Rb1 axb4 13. axb4 Bd7 14. Ra1 h6
15. Rxa8 Qxa8 16. Qa1 Re8 17. e4 Nh7 18. Qa4 Nd4 19. Kh2 Nf8 20. Ra1 Nxf3+
21. Bxf3 Qc8 22. Bg2 Ne6 23. Qd1 h5 24. Na4 Qd8 25. Be3 Nd4 26. c5 Be6 27.
Bxd4 exd4 28. cxd6 Qxd6 29. Nc5 h4 30. Nxb7 hxg3+ 31. fxg3 Qxb4 32. Rb1 Qe7
33. Na5 Qc7 34. Nc4 Ra8 35. Ra1 Rd8 36. Rc1 c5 37. Qf3 Rb8 38. Qf4 Qxf4 39.
gxf4 Rb3 40. Bf1 Bh6 41. Kg3 Rc3 42. Rxc3 dxc3 43. Ne3 Bb3 0-1